संस्मरण सुमन / (Record no. 198340)
[ view plain ]
| 000 -LEADER | |
|---|---|
| fixed length control field | 00806nam a22002177a 4500 |
| 005 - DATE AND TIME OF LATEST TRANSACTION | |
| control field | 20230919114247.0 |
| 010 ## - LCCN (DPL NO) | |
| LC control number | HIN-126048 |
| 020 ## - INTERNATIONAL STANDARD BOOK NUMBER | |
| International Standard Book Number | 9788194463207 |
| Terms of availability | 450.00 |
| 035 ## - SYSTEM CONTROL NUMBER | |
| System control number | HN-98394 |
| 037 ## - SOURCE OF ACQUISITION | |
| Source of stock number/acquisition | DBAD/PUB |
| 082 ## - DEWEY DECIMAL CLASSIFICATION NUMBER | |
| Classification number | 920 |
| 100 ## - MAIN ENTRY--PERSONAL NAME | |
| Personal name | प्रसाद, अवध किशोर |
| 245 ## - TITLE STATEMENT | |
| Title | संस्मरण सुमन / |
| Statement of responsibility, etc | अवध किशोर प्रसाद, |
| 250 ## - EDITION STATEMENT | |
| Edition statement | 1 |
| 260 ## - PUBLICATION, DISTRIBUTION, ETC. (IMPRINT) | |
| Name of publisher, distributor, etc | आदर्श प्रकाशन |
| Place of publication, distribution, etc | नई दिल्ली |
| Date of publication, distribution, etc | 2020 |
| 270 ## - ADDRESS | |
| Address | एच -16 /325 संगम विहार नई दिल्ली |
| Postal code | 110080 |
| City | नई दिल्ली |
| 300 ## - PHYSICAL DESCRIPTION | |
| Extent | 112 पृ. |
| Dimensions | 23 सेमी (सजिल्द) |
| 710 ## - ADDED ENTRY--CORPORATE NAME | |
| 9 (RLIN) | 56895 |
| 942 ## - ADDED ENTRY ELEMENTS (KOHA) | |
| Item type | Hindi Books |
| Source of classification or shelving scheme | Dewey Decimal Classification |
| Classification part | 920 |
| Call number suffix | प्रसाद |
| Withdrawn status | Lost status | Not for loan | Collection code | Home library | Current library | Date acquired | Source of acquisition | Cost, normal purchase price | Full call number | Barcode | Copy number | Cost, replacement price | Koha item type |
|---|---|---|---|---|---|---|---|---|---|---|---|---|---|
| Non-fiction | Bawana | Bawana | 19/09/2023 | DBAD/PUB | 450.00 | 920 प्रसाद | HN-98394 | 1 | 450.00 | Hindi Books |
